000 00717cam a22002533a 4500
001 26943
003 PGUSA
005 20140828083600.0
008 081018s2008||||xxu|||||s|||||000 | eng d
040 _aPGUSA
_beng
042 _adc
050 4 _aML
100 1 _aWagner, Richard,
_d1813-1883
245 1 0 _aLe vaisseau fantôme
_h[electronic resource] /
_cRichard Wagner
260 _bProject Gutenberg,
_c2008
506 _aPublic domain in the USA.
516 _aElectronic text
653 _aOperas -- Librettos
700 1 _aNuitter, Charles,
_d1828-1899
740 0 _aFliegende Holländer. French
830 0 _aProject Gutenberg
_v26943
856 4 0 _uhttp://www.gutenberg.org/ebooks/26943
942 _cEB
999 _c256198
_d256198